000 00629nam a2200217Ia 4500
005 20241129120039.0
008 241129s9999||||xx |||||||||||||| ||und||
020 _a9789394262881
037 _aTB
040 _aSDCL
_beng
_cSDCL
041 _aeng
_2eng
084 _aV43'P, R3
_qSDCL
100 _aPrasad Birendra Nath Ed.
_9724589
245 0 _aMaritime Southeast Asia: History, culture and religion(c. first century CE-fifteenth century CE.)
260 _aNew Delhi
_bManohar
_c2023
300 _a283p.
365 _aINR
_b1595
650 _aHistory
942 _cTB
_hV43'P, R3
999 _c1233119
_d1233119